Microeconomics : (Record no. 1736)

MARC details
000 -LEADER
fixed length control field 01610cam a22002054a 4500
020 ## - INTERNATIONAL STANDARD BOOK NUMBER
ISBN 0072898402
020 ## - INTERNATIONAL STANDARD BOOK NUMBER
ISBN 007366216X (Wall Street journal ed.)
022 ## - INTERNATIONAL STANDARD SERIAL NUMBER
ISSN 9780072898408
050 00 - CALL NUMBER
Classification number HB172
Item number .M3925 1
100 1# - AUTHOR
Personal name McConnell, Campbell R.
245 10 - TITLE
Title Microeconomics :
Remainder of title principles, problems, and policies /
Statement of responsibility, etc Campbell R. McConnell, Stanley L. Brue.
250 ## - EDITION
Edition statement 14th ed.
260 ## - PUBLICATION INFORMATION
Place of publication Boston :
Name of publisher Irwin/McGraw-Hill,
Year of publication c1999.
300 ## - DESCRIPTION
Number of Pages xxiv, 547, [38] p. :
Other physical details col. ill. ;
Dimensions 26 cm.
500 ## - NOTES
General note Includes index.
505 ## - FORMATTED CONTENTS NOTE
Table of Content pt. 1. Introduction to economics and the economy. Limits, alternatives, and choices --<br/>The market system and the circular flow --<br/>pt. 2. Microeconomics of product markets. Businesses and the costs of production --<br/>Pure competition in the short run --<br/>Pure competition in the long run --<br/>Pure monopoly --<br/>Monopolistic competition and oligopoly --<br/>pt. 3. Microeconomics of resource markets and government. The demand for resources --<br/>Wage determination --<br/>Rent, interest, and profit --<br/>Natural resource and energy economics --<br/>Public finance: expenditures and tax<br/>pt. 4. Microeconomics of Government Market failures: Government's role and government failure s –<br/><br/>pt. 5. Microeconomic issues and policies. Antitrust policy and regulation --<br/>Agriculture: economics and policy --<br/>Income inequality, poverty, and discrimination --<br/>Health care --<br/>Immigration --<br/>pt. 6. International economics. International trade --<br/>The balance of payments, exchange rates, and trade deficits.<br/>
650 #0 - SUBJECTS
Topical Term Microeconomics.
700 1# - OTHER AUTHORS
Personal name Brue, Stanley L.,
942 ## - ADDED ENTRY ELEMENTS (KOHA)
Koha item type Books
Holdings
Withdrawn status Lost status Home library Current library Shelving location Date acquired Full call number Accession Number Copy number Koha item type
    Methodist University Library Main Methodist University Library Main General Stacks   HB172 .M3925 11033 1 Books
    Methodist University Library Main Methodist University Library Main General Stacks   HB172 .M3925 11034 2 Books
    Methodist University Library Main Methodist University Library Main General Stacks   HB172 .M3925 11036 3 Books
Copyright © 2026  MUG Library